000 00191 a2200097 4500
020 _a9780746088180
041 _aeng
100 _aKaren Dolby
245 _aLucy and the Sea Monster
942 _cBK
999 _c9541
_d9541